Visualizzazione normale
Vista MARC
- Iustinus,
di Personal Name
Records bibliografici associati: 1
001 - CONTROL NUMBER
- control field: 56929
003 - CONTROL NUMBER IDENTIFIER
- control field:
005 - DATE AND TIME OF LATEST TRANSACTION
- control field: 20180505114906.0
008 - FIXED-LENGTH DATA ELEMENTS
- fixed length control field: 180505|| aca||aabn | a|a d
040 ## - CATALOGING SOURCE
- Original cataloging agency:
- Transcribing agency:
100 ## - HEADING--PERSONAL NAME
- Personal name: Iustinus,
- Titles and other words associated with a name: s.,
- Dates associated with a name: sec. II.
670 ## - SOURCE DATA FOUND
- Source citation: Work cat.: ()0: Iustinus, s., sec. II., Apologia per i cristiani /, 2011.